[Event "Soukhumi op"]
[Site "Soukhumi"]
[Date "2007.08.11"]
[Round "8"]
[White "Isaev, Evgeniy N"]
[Black "Lychkova, Ludmila"]
[Result "1-0"]
[WhiteElo "2221"]
[BlackElo "1939"]
[PlyCount "57"]
[EventDate "2007.08.03"]
[EventType "swiss"]
[EventRounds "9"]
[EventCountry "RUS"]
[SourceTitle "EXT 2009"]
[Source "ChessBase"]
[SourceDate "2008.11.26"]
[SourceVersion "1"]
[SourceVersionDate "2008.11.26"]
[SourceQuality "1"]

1. e4 c5 2. Nf3 Nc6 3. d4 cxd4 4. Nxd4 g6 5. Nxc6 bxc6 6. Qd4 f6 7. Bc4 e6 8. 0-0 Bg7 9. Rd1 Qc7 10. Nc3 Ne7 11. Qc5 a5 12. Nb5 Qb8 13. Nd6+ Kf8 14. c3 h5 15. e5 h4 16. Be2 h3 17. exf6 Bxf6 18. Bg5 Bxg5 19. Qxg5 Rh7 20. Rd3 Qxb2 21. Re1 Ba6 22. Rf3+ Kg8 23. Bxa6 Rxa6 24. Nc8 Qa3 25. Qf6 Nf5 26. g4 Rf7 27. Qg5 Qf8 28. gxf5 Qxc8 29. f6 1-0